İçeriği atla
Inicio
Centros participantes
Catálogo
Servicios
Contacto
Giriş
English
Deutsch
Español
Français
Italiano
日本語
Nederlands
Português
Português (Brasil)
中文(简体)
中文(繁體)
Türkçe
עברית
Gaeilge
Cymraeg
Ελληνικά
Català
Euskara
Русский
Čeština
Suomi
Svenska
polski
Dansk
slovenščina
اللغة العربية
বাংলা
Galego
Tiếng Việt
Hrvatski
हिंदी
Հայերէն
Українська
Sámegiella
Dil
Tüm Alanlar
Materyal Adı
Yazar
Konu
Yer Numarası
ISBN/ISSN
Etiket
Ara
Gelişmiş
La Estructura del poder en los...
Alıntıla
E-posta Gönder
Yazdır
Kaydı İhraç Et
İhraç Et RefWorks
İhraç Et EndNoteWeb
İhraç Et EndNote
Favorilerime ekle
Kalıcı bağlantı
İlk derecelendirmeyi ekleyin
La Estructura del poder en los Estados Unidos
Kaydedildi:
Detaylı Bibliyografya
Yazar:
Birnbaum, Pierre
Materyal Türü:
Metin
Baskı/Yayın Bilgisi:
Buenos Aires:
EUDEBA
Etiketler:
Etiketle
Etiket eklenmemiş, İlk siz ekleyin!
Erişim Bilgileri
Diğer Bilgiler
Yorumlar
Benzer Materyaller
MARC Görünümü
MARC
LEADER
00000 a a2200000 04500
001
24749
003
040
090
|a
173400
100
|a
Birnbaum, Pierre
245
|a
La Estructura del poder en los Estados Unidos
260
|a
Buenos Aires:
|b
EUDEBA
300
|a
157 p
|b
**no definido**
|b
fonodiscos
999
|c
14441
|d
14441
Benzer Materyaller
Discurso del mensaje presidencial. 1 de mayo de 1980
Yazar:: Carazo Odio, Rodrigo
Posibilidades de desarrollo en América Latina y papel de FLACSO
Yazar:: Lagos, Gustavo
Realidad jurídico - social de la mujer costarricense /
Yazar:: Salvatierra, Leda
Desastres naturales y zonas de riesgo en Centroamérica: Informe Técnico Regional (Tomo I y II)
Yazar:: Lavell Thomas, Allan
Una alternativa de desarrollo humanista para Costa Rica. Algunas reflexiones
Yazar:: Fallas Venegas, Helio